000
00201 a2200097 4500
001
17273
100
_a
Latif S A
245
_a
Bases of Islamic Culture
260
_a
_b
I B S
_c
090
_c
12793
_d
12793
942
_a
NUST-CAE
_c
M
_c
3106
999
_c
252346
_d
252346